000
00252nam a22000977a 4500
005
20250901165807.0
008
250320b |||||||| |||| 00| 0 eng d
020
_a
9789966562012
245
_a
VAZI LA MHUDUMU NA HADITHI NYINGINE
_c
BABUSA HAMISI
942
_2
lcc
999
_c
9314
_d
9314